000 00303nam a22001217a 4500
008 230704b xxu||||| |||| 00| 0 eng d
020 _a0199260729
082 _25
_a341
_bDIX 2005
245 _aTextbook on International Law
260 _bOxford University Press
_c2005
300 _a350p
942 _2ddc
_cBK
999 _c3939
_d3939